[Event "DSJ Weihnachtsturnier U20w 2020"]
[Site "https://play.chessbase.com/en/play?room=DSJWeihnachtU20w"]
[Date "2020.12.29"]
[Round "4"]
[White "Ruckes, Lilly"]
[Black "Pohle, Saskia"]
[Result "0-1"]
[Termination "normal"]
[Board "11.1"]
[WhiteElo "845"]
[BlackElo "1815"]
[WhiteTeam "Schachzwerge Magdeburg 2"]
[BlackTeam "Schachzwerge Magdeburg"]
[PlyCount "36"]
[WhiteFideId "34600825"]
[BlackFideId "16201604"]
[EventRounds "7"]
[EventType "team-swiss"]
[EventDate "2020.12.29"]

1. e4 {[%emt 0:00:07]} e5 {[%emt 0:00:02]} 2. Nf3 {[%emt 0:00:04]} Nc6 { [%emt
0:00:04]} 3. Bc4 {[%emt 0:00:05]} Nf6 {[%emt 0:00:01]} 4. O-O {[%emt 0: 00:09]}
Be7 {[%emt 0:00:08]} 5. d4 {[%emt 0:00:04]} exd4 {[%emt 0:00:04]} 6. Nxd4
{[%emt 0:00:03]} Nxe4 {[%emt 0:00:04]} 7. Qg4 {[%emt 0:00:12]} d5 { [%emt
0:00:32]} 8. Qxg7 {[%emt 0:00:18]} Bf6 {[%emt 0:00:03]} 9. Qh6 {[%emt 0:
00:25]} Nxd4 {[%emt 0:00:06]} 10. Bd3 {[%emt 0:00:10]} Be6 {[%emt 0:00:13]} 11.
Re1 {[%emt 0:00:32]} Qe7 {[%emt 0:00:11]} 12. Bxe4 {[%emt 0:00:04]} dxe4 {
[%emt 0:00:01]} 13. Rxe4 {[%emt 0:00:03]} Nxc2 {[%emt 0:00:02]} 14. Bd2 { [%emt
0:00:56]} O-O-O {[%emt 0:00:25]} 15. Na3 {[%emt 0:00:35]} Nxa1 {[%emt 0:
00:02]} 16. Nb5 {[%emt 0:00:08]} Kb8 {[%emt 0:00:20]} 17. Bb4 {[%emt 0:00:03]}
Qxb4 {[%emt 0:00:12]} 18. Rxb4 {[%emt 0:00:03]} Rd1# {[%emt 0:00:01]} 0-1

[Event "DSJ Weihnachtsturnier U20w 2020"]
[Site "https://play.chessbase.com/en/play?room=DSJWeihnachtU20w"]
[Date "2020.12.29"]
[Round "4"]
[White "Hoffmann, Svenja"]
[Black "Lahne, Paula"]
[Result "1-0"]
[Termination "normal"]
[Board "11.2"]
[WhiteElo "1307"]
[BlackElo "816"]
[WhiteTeam "Schachzwerge Magdeburg"]
[BlackTeam "Schachzwerge Magdeburg 2"]
[PlyCount "57"]
[WhiteFideId "16287312"]
[BlackFideId "34639730"]
[EventRounds "7"]
[EventType "team-swiss"]
[EventDate "2020.12.29"]

1. e4 {[%emt 0:00:03]} e5 {[%emt 0:00:03]} 2. Nf3 {[%emt 0:00:04]} Nc6 { [%emt
0:00:04]} 3. Bc4 {[%emt 0:00:02]} Bc5 {[%emt 0:00:02]} 4. c3 {[%emt 0:00: 02]}
Nf6 {[%emt 0:00:09]} 5. d4 {[%emt 0:00:03]} exd4 {[%emt 0:00:04]} 6. cxd4
{[%emt 0:00:02]} Bb4+ {[%emt 0:00:03]} 7. Bd2 {[%emt 0:00:04]} Bxd2+ {[%emt 0:
00:04]} 8. Nbxd2 {[%emt 0:00:02]} O-O {[%emt 0:00:11]} 9. O-O {[%emt 0:00:03]}
d6 {[%emt 0:00:25]} 10. Re1 {[%emt 0:00:03]} Re8 {[%emt 0:00:04]} 11. Bb3 {
[%emt 0:00:15]} Bg4 {[%emt 0:00:00]} 12. Bc2 {[%emt 0:00:09]} d5 {[%emt 0:00:
18]} 13. Nb3 {[%emt 0:00:10]} dxe4 {[%emt 0:00:09]} 14. Bxe4 {[%emt 0:00:13]}
Nxe4 {[%emt 0:00:05]} 15. h3 {[%emt 0:00:25]} Bh5 {[%emt 0:00:07]} 16. Qd3 {
[%emt 0:00:30]} Nf6 {[%emt 0:00:11]} 17. Rxe8+ {[%emt 0:00:07]} Qxe8 {[%emt 0:
00:03]} 18. Ng5 {[%emt 0:00:10]} Bg6 {[%emt 0:00:12]} 19. Qg3 {[%emt 0:00:21]}
Rc8 {[%emt 0:00:23]} 20. d5 {[%emt 0:00:05]} Nxd5 {[%emt 0:00:09]} 21. Rd1 {
[%emt 0:00:03]} Nf6 {[%emt 0:00:13]} 22. Nd4 {[%emt 0:00:11]} Nxd4 {[%emt 0:00:
10]} 23. Rxd4 {[%emt 0:00:04]} c6 {[%emt 0:00:10]} 24. h4 {[%emt 0:00:05]} Qe1+
{[%emt 0:00:19]} 25. Kh2 {[%emt 0:00:03]} Qb1 {[%emt 0:00:18]} 26. Qd6 { [%emt
0:00:26]} Qxb2 {[%emt 0:00:25]} 27. Qd8+ {[%emt 0:00:20]} Rxd8 {[%emt 0:
00:09]} 28. Rxd8+ {[%emt 0:00:02]} Ne8 {[%emt 0:00:16]} 29. Rxe8# {[%emt 0:00:
02]} 1-0

[Event "DSJ Weihnachtsturnier U20w 2020"]
[Site "https://play.chessbase.com/en/play?room=DSJWeihnachtU20w"]
[Date "2020.12.29"]
[Round "5"]
[White "Bashylina, Luisa"]
[Black "Möller, Lisa-Marie"]
[Result "1-0"]
[Termination "normal"]
[Board "1.1"]
[WhiteTitle "WCM"]
[WhiteElo "1978"]
[BlackElo "1900"]
[WhiteTeam "Schachgesellschaft Solingen"]
[BlackTeam "Düsseldorfer Schachklub 14/25"]
[PlyCount "75"]
[WhiteFideId "12983292"]
[BlackFideId "12959367"]
[EventRounds "7"]
[EventType "team-swiss"]
[EventDate "2020.12.29"]

1. e4 {[%emt 0:00:04]} c5 {[%emt 0:00:02]} 2. Nf3 {[%emt 0:00:03]} e6 {[%emt 0:
00:02]} 3. d4 {[%emt 0:00:03]} cxd4 {[%emt 0:00:01]} 4. Nxd4 {[%emt 0:00:00]}
a6 {[%emt 0:00:02]} 5. Bd3 {[%emt 0:00:09]} b5 {[%emt 0:00:03]} 6. O-O { [%emt
0:00:05]} Bb7 {[%emt 0:00:05]} 7. Qe2 {[%emt 0:00:02]} Qb6 {[%emt 0:00: 04]} 8.
Nb3 {[%emt 0:00:07]} Qc7 {[%emt 0:00:02]} 9. f4 {[%emt 0:00:09]} d6 { [%emt
0:00:04]} 10. Kh1 {[%emt 0:00:13]} Nf6 {[%emt 0:00:03]} 11. a4 {[%emt 0:
00:05]} b4 {[%emt 0:00:06]} 12. N1d2 {[%emt 0:00:50]} Nbd7 {[%emt 0:00:21]} 13.
Nc4 {[%emt 0:00:20]} Be7 {[%emt 0:00:15]} 14. e5 {[%emt 0:00:16]} dxe5 { [%emt
0:00:16]} 15. fxe5 {[%emt 0:00:03]} Nd5 {[%emt 0:00:11]} 16. Qg4 { [%emt
0:00:14]} g6 {[%emt 0:01:23]} 17. Qe2 {[%emt 0:00:34]} O-O-O {[%emt 0:00: 57]}
18. Rxf7 {[%emt 0:00:13]} Rdf8 {[%emt 0:00:22]} 19. Rxf8+ {[%emt 0:00:14]} Rxf8
{[%emt 0:00:02]} 20. Nba5 {[%emt 0:01:22]} Ba8 {[%emt 0:00:28]} 21. Bd2 { [%emt
0:00:11]} N7b6 {[%emt 0:00:28]} 22. Nd6+ {[%emt 0:00:28]} Bxd6 {[%emt 0:
00:07]} 23. exd6 {[%emt 0:00:00]} Qxd6 {[%emt 0:00:04]} 24. Bxa6+ {[%emt 0:00:
03]} Kb8 {[%emt 0:00:13]} 25. Rd1 {[%emt 0:00:19]} Qc5 {[%emt 0:00:14]} 26. Nb3
{[%emt 0:00:26]} Qf2 {[%emt 0:00:09]} 27. Qxf2 {[%emt 0:00:34]} Rxf2 {[%emt 0:
00:03]} 28. Bf1 {[%emt 0:00:12]} Kc7 {[%emt 0:00:26]} 29. Kg1 {[%emt 0:00:04]}
Rf7 {[%emt 0:00:13]} 30. a5 {[%emt 0:00:07]} Nd7 {[%emt 0:00:06]} 31. Bd3 {
[%emt 0:00:17]} Nf4 {[%emt 0:00:17]} 32. Bf1 {[%emt 0:00:02]} Ne5 {[%emt 0:00:
21]} 33. Bxf4 {[%emt 0:00:23]} Rxf4 {[%emt 0:00:02] Soling2-001 reconnected.}
34. Nc5 {[%emt 0:00:20]} Rf6 {[%emt 0:00:18]} 35. a6 {[%emt 0:00:10]} Bd5 {
[%emt 0:00:26]} 36. a7 {[%emt 0:00:09]} Rf8 {[%emt 0:00:06]} 37. Rxd5 {[%emt 0:
00:15]} Ng4 {[%emt 0:00:43]} 38. Nxe6+ {[%emt 0:00:05]} 1-0

[Event "DSJ Weihnachtsturnier U20w 2020"]
[Site "https://play.chessbase.com/en/play?room=DSJWeihnachtU20w"]
[Date "2020.12.29"]
[Round "5"]
[White "Rudolph, Eva"]
[Black "Müdder, Melanie"]
[Result "0-1"]
[Termination "normal"]
[Board "1.2"]
[WhiteElo "1860"]
[BlackElo "1950"]
[WhiteTeam "Düsseldorfer Schachklub 14/25"]
[BlackTeam "Schachgesellschaft Solingen"]
[PlyCount "56"]
[WhiteFideId "16200594"]
[BlackFideId "12994103"]
[EventRounds "7"]
[EventType "team-swiss"]
[EventDate "2020.12.29"]

1. e4 {[%emt 0:00:06]} c5 {[%emt 0:00:02]} 2. Nf3 {[%emt 0:00:04]} Nc6 { [%emt
0:00:02]} 3. d4 {[%emt 0:00:03]} cxd4 {[%emt 0:00:02]} 4. Nxd4 {[%emt 0:
00:01]} e5 {[%emt 0:00:02]} 5. Nb5 {[%emt 0:00:01]} d6 {[%emt 0:00:02]} 6. N1c3
{[%emt 0:00:06]} a6 {[%emt 0:00:06]} 7. Na3 {[%emt 0:00:03]} Be6 {[%emt 0:00:
05]} 8. g3 {[%emt 0:00:20]} b5 {[%emt 0:01:55]} 9. Nd5 {[%emt 0:00:14]} Nf6 {
[%emt 0:00:44]} 10. Bg5 {[%emt 0:00:09]} Be7 {[%emt 0:00:08]} 11. Bxf6 { [%emt
0:00:13]} Bxf6 {[%emt 0:00:14]} 12. c4 {[%emt 0:00:03]} Nd4 {[%emt 0:00: 27]}
13. cxb5 {[%emt 0:01:15]} Bxd5 {[%emt 0:00:07]} 14. Bg2 {[%emt 0:01:23]} Qa5+
{[%emt 0:00:11]} 15. Qd2 {[%emt 0:00:08]} Qxd2+ {[%emt 0:00:04]} 16. Kxd2
{[%emt 0:00:02]} Be6 {[%emt 0:00:05]} 17. bxa6 {[%emt 0:00:16]} Rxa6 {[%emt 0:
00:06]} 18. Bf1 {[%emt 0:00:19]} Ra5 {[%emt 0:00:33]} 19. Rc1 {[%emt 0:00:14]}
Bg5+ {[%emt 0:00:24]} 20. f4 {[%emt 0:00:57]} exf4 {[%emt 0:00:07]} 21. Kd3 {
[%emt 0:00:18]} fxg3 {[%emt 0:00:09]} 22. Rc7 {[%emt 0:00:14]} Bf6 {[%emt 0:00:
27]} 23. hxg3 {[%emt 0:00:05]} O-O {[%emt 0:00:15]} 24. Nc4 {[%emt 0:00:31]}
Bxc4+ {[%emt 0:00:23]} 25. Kxc4 {[%emt 0:00:05]} Rxa2 {[%emt 0:00:09]} 26. Rb7
{[%emt 0:00:25]} Rc8+ {[%emt 0:00:31]} 27. Kd5 {[%emt 0:00:14]} Be5 {[%emt 0:
00:25]} 28. Bc4 {[%emt 0:00:32]} Rc5# {[%emt 0:00:05]} 0-1

[Event "DSJ Weihnachtsturnier U20w 2020"]
[Site "https://play.chessbase.com/en/play?room=DSJWeihnachtU20w"]
[Date "2020.12.29"]
[Round "5"]
[White "Kogan, Dina Rachel"]
[Black "Sereda, Yaroslava"]
[Result "0-1"]
[Termination "normal"]
[Board "1.4"]
[WhiteElo "1360"]
[BlackElo "1750"]
[WhiteTeam "Düsseldorfer Schachklub 14/25"]
[BlackTeam "Schachgesellschaft Solingen"]
[PlyCount "54"]
[WhiteFideId "16200608"]
[BlackFideId "14178940"]
[EventRounds "7"]
[EventType "team-swiss"]
[EventDate "2020.12.29"]

1. e4 {[%emt 0:00:00]} c5 {[%emt 0:00:07]} 2. Nf3 {[%emt 0:00:05]} Nc6 { [%emt
0:00:05]} 3. d4 {[%emt 0:00:12]} cxd4 {[%emt 0:00:02]} 4. Nxd4 {[%emt 0:
00:04]} g6 {[%emt 0:00:01]} 5. Be3 {[%emt 0:00:07]} Bg7 {[%emt 0:00:12]} 6. h4
{[%emt 0:00:26]} Nf6 {[%emt 0:00:09]} 7. Nc3 {[%emt 0:00:02]} O-O {[%emt 0:00:
17]} 8. f3 {[%emt 0:00:39]} d5 {[%emt 0:00:11]} 9. Nxc6 {[%emt 0:01:22]} bxc6 {
[%emt 0:00:07]} 10. e5 {[%emt 0:00:14]} Nd7 {[%emt 0:00:28]} 11. f4 {[%emt 0:
00:10]} e6 {[%emt 0:00:25]} 12. g4 {[%emt 0:00:43]} c5 {[%emt 0:00:09]} 13. Bd2
{[%emt 0:00:04]} f6 {[%emt 0:00:10]} 14. h5 {[%emt 0:00:47]} fxe5 {[%emt 0:00:
08]} 15. hxg6 {[%emt 0:00:05]} hxg6 {[%emt 0:00:23]} 16. f5 {[%emt 0:00:11]}
exf5 {[%emt 0:00:03]} 17. gxf5 {[%emt 0:00:13]} Rxf5 {[%emt 0:00:13]} 18. Qg4 {
[%emt 0:00:03]} Kf7 {[%emt 0:00:53]} 19. O-O-O {[%emt 0:00:30]} Nf6 {[%emt 0:
00:41]} 20. Rg1 {[%emt 0:00:28]} Nxg4 {[%emt 0:00:06]} 21. Rxg4 {[%emt 0:00:09]
} Rh5 {[%emt 0:00:56]} 22. Rg2 {[%emt 0:00:23]} d4 {[%emt 0:00:28]} 23. Bc4+ {
[%emt 0:00:06]} Be6 {[%emt 0:00:27]} 24. Bxe6+ {[%emt 0:00:53]} Kxe6 {[%emt 0:
00:04]} 25. Rg3 {[%emt 0:00:01]} dxc3 {[%emt 0:00:21]} 26. Bxc3 {[%emt 0:00:06]
} Bh6+ {[%emt 0:00:14]} 27. Bd2 {[%emt 0:00:27]} Bxd2+ {[%emt 0:00:04]} 0-1

[Event "DSJ Weihnachtsturnier U20w 2020"]
[Site "https://play.chessbase.com/en/play?room=DSJWeihnachtU20w"]
[Date "2020.12.29"]
[Round "5"]
[White "Ziegenfuß, Antonia"]
[Black "Schneider, Jana"]
[Result "1/2-1/2"]
[Termination "normal"]
[Board "2.1"]
[WhiteTitle "WFM"]
[BlackTitle "FM"]
[WhiteElo "2101"]
[BlackElo "2272"]
[WhiteTeam "OSG Baden-Baden"]
[BlackTeam "SC Bavaria Regensburg von 1881"]
[PlyCount "97"]
[WhiteFideId "12962554"]
[BlackFideId "12924997"]
[EventRounds "7"]
[EventType "team-swiss"]
[EventDate "2020.12.29"]

1. d4 {[%emt 0:00:02]} Nf6 {[%emt 0:00:05]} 2. c4 {[%emt 0:00:02]} e6 {[%emt 0:
00:08]} 3. Nc3 {[%emt 0:00:03]} Bb4 {[%emt 0:00:05]} 4. f3 {[%emt 0:00:01]} d5
{[%emt 0:00:03]} 5. a3 {[%emt 0:00:01]} Be7 {[%emt 0:00:25]} 6. e4 {[%emt 0:00:
02]} dxe4 {[%emt 0:00:16]} 7. fxe4 {[%emt 0:00:00]} e5 {[%emt 0:00:01]} 8. d5 {
[%emt 0:00:01]} Ng4 {[%emt 0:00:26]} 9. Nf3 {[%emt 0:00:12]} Bc5 {[%emt 0:00:
04]} 10. b4 {[%emt 0:00:05]} Bf2+ {[%emt 0:00:35]} 11. Ke2 {[%emt 0:00:11]} Bd4
{[%emt 0:00:32]} 12. Nxd4 {[%emt 0:00:36]} exd4 {[%emt 0:00:00]} 13. Qxd4 {
[%emt 0:00:02]} O-O {[%emt 0:00:14]} 14. h3 {[%emt 0:00:11]} Qh4 {[%emt 0:00:
07]} 15. g3 {[%emt 0:00:55]} Qh5 {[%emt 0:00:30]} 16. Bg2 {[%emt 0:00:08]} Ne5+
{[%emt 0:00:05]} 17. g4 {[%emt 0:00:22]} Bxg4+ {[%emt 0:00:18]} 18. hxg4 {
[%emt 0:00:03]} Qxg4+ {[%emt 0:00:01]} 19. Kf2 {[%emt 0:00:45]} Nbd7 {[%emt 0:
00:10]} 20. Qd1 {[%emt 0:01:29]} Qg6 {[%emt 0:00:44]} 21. Qh5 {[%emt 0:02:22]}
Qf6+ {[%emt 0:00:03]} 22. Kg1 {[%emt 0:00:28]} h6 {[%emt 0:00:18]} 23. Be3 {
[%emt 0:01:29]} Nxc4 {[%emt 0:00:10]} 24. Rf1 {[%emt 0:00:18]} Qxc3 {[%emt 0:
00:05]} 25. Bxh6 {[%emt 0:00:02]} gxh6 {[%emt 0:00:13]} 26. Qxh6 {[%emt 0:00:
02]} Qe3+ {[%emt 0:00:13] Baden2-001 reconnected.} 27. Qxe3 {[%emt 0:00:24]}
Nxe3 {[%emt 0:00:00]} 28. Rf3 {[%emt 0:00:03]} Ng4 {[%emt 0:00:14]} 29. Rg3 {
[%emt 0:00:06]} Nde5 {[%emt 0:00:25]} 30. Bh3 {[%emt 0:00:14]} f5 {[%emt 0:00:
04]} 31. exf5 {[%emt 0:00:03]} Rf7 {[%emt 0:00:19]} 32. Bxg4 {[%emt 0:00:04]}
Rg7 {[%emt 0:00:02]} 33. Rh4 {[%emt 0:00:01]} Rd8 {[%emt 0:00:23]} 34. f6 {
[%emt 0:00:06]} Rxg4 {[%emt 0:00:42]} 35. Rhxg4+ {[%emt 0:00:01]} Nxg4 { [%emt
0:00:01]} 36. Rxg4+ {[%emt 0:00:00]} Kf7 {[%emt 0:00:06]} 37. Rg7+ { [%emt
0:00:01]} Kxf6 {[%emt 0:00:01]} 38. Rxc7 {[%emt 0:00:00]} Rxd5 {[%emt 0:
00:32]} 39. Rxb7 {[%emt 0:00:01]} a5 {[%emt 0:00:01]} 40. bxa5 {[%emt 0:00:04]}
Rxa5 {[%emt 0:00:00]} 41. Rb3 {[%emt 0:00:01]} Ke5 {[%emt 0:00:07]} 42. Rh3 {
[%emt 0:00:01]} Kd4 {[%emt 0:00:04]} 43. Kf2 {[%emt 0:00:01]} Kc4 {[%emt 0:00:
02]} 44. Ke2 {[%emt 0:00:01]} Rd5 {[%emt 0:00:03]} 45. a4 {[%emt 0:00:06]} Kb4
{[%emt 0:00:03]} 46. Rh4+ {[%emt 0:00:01]} Ka5 {[%emt 0:00:02]} 47. Ke3 { [%emt
0:00:01]} Rd6 {[%emt 0:00:02]} 48. Ke4 {[%emt 0:00:04]} Rd1 {[%emt 0:00: 04]}
49. Ke5 {[%emt 0:00:03] Baden2-001 offers a draw} 1/2-1/2

[Event "DSJ Weihnachtsturnier U20w 2020"]
[Site "https://play.chessbase.com/en/play?room=DSJWeihnachtU20w"]
[Date "2020.12.29"]
[Round "5"]
[White "Mütsch, Annmarie"]
[Black "Ziegenfuß, Larissa"]
[Result "1-0"]
[Termination "normal"]
[Board "2.2"]
[WhiteTitle "WIM"]
[WhiteElo "2236"]
[BlackElo "1752"]
[WhiteTeam "SC Bavaria Regensburg von 1881"]
[BlackTeam "OSG Baden-Baden"]
[PlyCount "81"]
[WhiteFideId "12971367"]
[BlackFideId "12974722"]
[EventRounds "7"]
[EventType "team-swiss"]
[EventDate "2020.12.29"]

1. e4 {[%emt 0:00:04]} c5 {[%emt 0:00:01]} 2. Nc3 {[%emt 0:00:03]} Nc6 { [%emt
0:00:02]} 3. Bb5 {[%emt 0:00:03]} Qc7 {[%emt 0:00:07]} 4. Nf3 {[%emt 0: 00:09]}
e6 {[%emt 0:00:02]} 5. O-O {[%emt 0:00:14]} Be7 {[%emt 0:00:01]} 6. Re1 {[%emt
0:00:04]} d6 {[%emt 0:00:02]} 7. h3 {[%emt 0:00:08]} a6 {[%emt 0:00:02]} 8. Bf1
{[%emt 0:00:03]} Nf6 {[%emt 0:00:06]} 9. d3 {[%emt 0:00:18]} O-O { [%emt
0:00:02]} 10. Bf4 {[%emt 0:00:04]} b5 {[%emt 0:00:13]} 11. Ne2 {[%emt 0:
00:50]} Bb7 {[%emt 0:00:02]} 12. Bh2 {[%emt 0:00:04]} Qb6 {[%emt 0:00:05]} 13.
Nf4 {[%emt 0:00:20]} d5 {[%emt 0:00:17]} 14. e5 {[%emt 0:00:11]} Nd7 {[%emt 0:
00:02]} 15. h4 {[%emt 0:00:34]} Qc7 {[%emt 0:00:09]} 16. Nh5 {[%emt 0:00:10]}
Qd8 {[%emt 0:00:56]} 17. Bg3 {[%emt 0:00:14]} Nb6 {[%emt 0:00:07]} 18. c3 {
[%emt 0:00:25]} d4 {[%emt 0:00:14]} 19. c4 {[%emt 0:00:09]} bxc4 {[%emt 0:00:
08]} 20. dxc4 {[%emt 0:00:01]} a5 {[%emt 0:00:16]} 21. a4 {[%emt 0:00:16]} Ba6
{[%emt 0:00:04]} 22. b3 {[%emt 0:00:01]} Nb4 {[%emt 0:00:02]} 23. Nf4 {[%emt 0:
00:08]} Bb7 {[%emt 0:00:13]} 24. Be2 {[%emt 0:00:31]} Rc8 {[%emt 0:00:08]} 25.
h5 {[%emt 0:00:07]} Qd7 {[%emt 0:00:40]} 26. Nd3 {[%emt 0:00:38]} Nc6 {[%emt 0:
00:50]} 27. Nh2 {[%emt 0:00:17]} f5 {[%emt 0:00:16]} 28. exf6 {[%emt 0:00:10]}
Bxf6 {[%emt 0:00:01]} 29. Nxc5 {[%emt 0:00:32]} Qe7 {[%emt 0:00:14]} 30. Nxb7 {
[%emt 0:00:07]} Qxb7 {[%emt 0:00:01]} 31. Bg4 {[%emt 0:00:54]} Nd8 {[%emt 0:00:
46]} 32. Nf3 {[%emt 0:00:10]} d3 {[%emt 0:00:58]} 33. Rb1 {[%emt 0:00:04]} Bc3
{[%emt 0:00:24]} 34. Re3 {[%emt 0:00:20]} Rb8 {[%emt 0:01:07]} 35. Rxd3 { [%emt
0:00:29]} Bb4 {[%emt 0:00:13]} 36. Bxb8 {[%emt 0:00:06]} Qxb8 {[%emt 0: 00:01]}
37. Qe2 {[%emt 0:00:14]} Qc8 {[%emt 0:00:30]} 38. Rbd1 {[%emt 0:00:11]} Kh8
{[%emt 0:00:03]} 39. Ng5 {[%emt 0:00:10]} Bc5 {[%emt 0:00:11]} 40. Rxd8 { [%emt
0:00:08]} Bxf2+ {[%emt 0:00:07]} 41. Qxf2 {[%emt 0:00:08]} 1-0

[Event "DSJ Weihnachtsturnier U20w 2020"]
[Site "https://play.chessbase.com/en/play?room=DSJWeihnachtU20w"]
[Date "2020.12.29"]
[Round "5"]
[White "Visvikis, Kassandra"]
[Black "Arnhold, Steffi"]
[Result "0-1"]
[Termination "normal"]
[Board "2.3"]
[WhiteElo "1610"]
[BlackElo "2031"]
[WhiteTeam "OSG Baden-Baden"]
[BlackTeam "SC Bavaria Regensburg von 1881"]
[PlyCount "74"]
[WhiteFideId "36052167"]
[BlackFideId "12931365"]
[EventRounds "7"]
[EventType "team-swiss"]
[EventDate "2020.12.29"]

1. e4 {[%emt 0:00:13]} c5 {[%emt 0:00:02]} 2. Nf3 {[%emt 0:00:04]} e6 {[%emt 0:
00:03]} 3. d4 {[%emt 0:00:03]} cxd4 {[%emt 0:00:01]} 4. Nxd4 {[%emt 0:00:01]}
a6 {[%emt 0:00:01]} 5. Be3 {[%emt 0:00:04]} Qc7 {[%emt 0:00:01]} 6. Bd3 { [%emt
0:00:10]} Nf6 {[%emt 0:00:02]} 7. O-O {[%emt 0:00:03]} d6 {[%emt 0:00:03] } 8.
Nc3 {[%emt 0:00:08]} Nbd7 {[%emt 0:00:02]} 9. Nce2 {[%emt 0:00:06]} Be7 { [%emt
0:00:02]} 10. c3 {[%emt 0:00:07]} O-O {[%emt 0:00:02]} 11. Qc2 {[%emt 0:
00:04]} b5 {[%emt 0:00:03]} 12. a3 {[%emt 0:00:07]} Bb7 {[%emt 0:00:02]} 13.
Ng3 {[%emt 0:00:03]} Rac8 {[%emt 0:00:07]} 14. Rac1 {[%emt 0:00:24]} Ng4 {
[%emt 0:00:05]} 15. Qe2 {[%emt 0:00:13]} Nxe3 {[%emt 0:00:04]} 16. Qxe3 { [%emt
0:00:02]} Ne5 {[%emt 0:00:09]} 17. Bc2 {[%emt 0:00:05]} Nc4 {[%emt 0:00: 06]}
18. Qd3 {[%emt 0:00:24] Regensb2-003 reconnected.} Nxb2 {[%emt 0:00:15]} 19.
Qe3 {[%emt 0:00:04]} Nc4 {[%emt 0:00:03]} 20. Qd3 {[%emt 0:00:05]} Nxa3 { [%emt
0:00:02]} 21. Bb3 {[%emt 0:00:05]} Nc4 {[%emt 0:00:04]} 22. Bxc4 { [%emt
0:01:03]} Qxc4 {[%emt 0:00:04]} 23. Qe3 {[%emt 0:00:05]} Rfe8 {[%emt 0: 00:19]}
24. Rfe1 {[%emt 0:00:06]} h6 {[%emt 0:00:10]} 25. Nf1 {[%emt 0:00:21]} e5
{[%emt 0:00:04]} 26. Nf5 {[%emt 0:00:07]} Bg5 {[%emt 0:00:03]} 27. Qg3 { [%emt
0:00:08]} Qe6 {[%emt 0:00:12]} 28. Rcd1 {[%emt 0:00:05]} Bxe4 {[%emt 0: 00:09]}
29. Nxd6 {[%emt 0:00:54]} Bc2 {[%emt 0:00:06]} 30. Rd4 {[%emt 0:01:47]} Qg6
{[%emt 0:00:35]} 31. Nxc8 {[%emt 0:00:13]} Rxc8 {[%emt 0:00:06]} 32. Rxe5 {
[%emt 0:00:05]} Bf6 {[%emt 0:00:05]} 33. Red5 {[%emt 0:00:37]} Bxd4 {[%emt 0:
00:06]} 34. cxd4 {[%emt 0:00:05]} Qxg3 {[%emt 0:00:03]} 35. Nxg3 {[%emt 0:00:
01]} Bb3 {[%emt 0:00:04]} 36. Rd6 {[%emt 0:00:04]} Rc1+ {[%emt 0:00:04]} 37.
Nf1 {[%emt 0:00:03]} Bc4 {[%emt 0:00:00]} 0-1

[Event "DSJ Weihnachtsturnier U20w 2020"]
[Site "https://play.chessbase.com/en/play?room=DSJWeihnachtU20w"]
[Date "2020.12.29"]
[Round "5"]
[White "Pavlov, Liliane"]
[Black "Nanthivarman, Merymuthu"]
[Result "1-0"]
[Termination "normal"]
[Board "2.4"]
[WhiteElo "1740"]
[BlackElo "1215"]
[WhiteTeam "SC Bavaria Regensburg von 1881"]
[BlackTeam "OSG Baden-Baden"]
[PlyCount "87"]
[WhiteFideId "16225449"]
[BlackFideId "16255755"]
[EventRounds "7"]
[EventType "team-swiss"]
[EventDate "2020.12.29"]

1. d4 {[%emt 0:00:00]} d5 {[%emt 0:00:03]} 2. c4 { [%emt 0:00:05]} c6 {[%emt
0:00:14]} 3. Nf3 {[%emt 0:00:05]} Bf5 {[%emt 0:00:09] } 4. g3 {[%emt 0:00:12]}
e6 {[%emt 0:00:02]} 5. Bg2 {[%emt 0:00:02]} Be7 { [%emt 0:00:07]} 6. O-O {[%emt
0:00:02]} Nf6 {[%emt 0:00:07]} 7. Nc3 {[%emt 0: 00:03]} O-O {[%emt 0:00:17]} 8.
Nh4 {[%emt 0:00:28]} Bg4 {[%emt 0:00:14]} 9. h3 {[%emt 0:00:07]} Bh5 {[%emt
0:00:21]} 10. g4 {[%emt 0:00:03]} Bg6 {[%emt 0:00: 05]} 11. Nxg6 {[%emt
0:00:03]} fxg6 {[%emt 0:00:12]} 12. e4 {[%emt 0:00:07]} Bd6 {[%emt 0:00:22]}
13. e5 {[%emt 0:00:09]} Nxg4 {[%emt 0:00:53]} 14. hxg4 { [%emt 0:00:32]} Be7
{[%emt 0:00:26]} 15. f4 {[%emt 0:00:05]} Bf6 {[%emt 0:00: 14]} 16. exf6 {[%emt
0:00:06]} gxf6 {[%emt 0:00:14]} 17. cxd5 {[%emt 0:00:21]} cxd5 {[%emt 0:00:40]}
18. b3 {[%emt 0:00:21]} Nc6 {[%emt 0:00:59]} 19. Ba3 { [%emt 0:00:07]} Rf7
{[%emt 0:00:34]} 20. Nb5 {[%emt 0:00:09]} a5 {[%emt 0:00: 15]} 21. Nd6 {[%emt
0:00:07]} Re7 {[%emt 0:00:13]} 22. Re1 {[%emt 0:00:14]} b5 {[%emt 0:00:28]} 23.
Nxb5 {[%emt 0:01:11]} Nb4 {[%emt 0:00:30]} 24. Qd2 { [%emt 0:00:16]} Rc8 {[%emt
0:00:35]} 25. Bxb4 {[%emt 0:00:36]} axb4 {[%emt 0: 00:15]} 26. Qxb4 {[%emt
0:00:06]} Rb8 {[%emt 0:00:16]} 27. a4 {[%emt 0:00:06]} Rc7 {[%emt 0:00:43]} 28.
Qd2 {[%emt 0:00:18]} Re7 {[%emt 0:00:23]} 29. Rec1 { [%emt 0:00:30]} e5 {[%emt
0:00:10]} 30. dxe5 {[%emt 0:00:05]} fxe5 {[%emt 0:00: 03]} 31. Qxd5+ {[%emt
0:00:09]} Kg7 {[%emt 0:00:28]} 32. Qxd8 {[%emt 0:00:11]} Rxd8 {[%emt 0:00:03]}
33. Rc7 {[%emt 0:00:05]} Rxc7 {[%emt 0:00:04]} 34. Nxc7 { [%emt 0:00:09]} Rd3
{[%emt 0:00:11]} 35. fxe5 {[%emt 0:00:07]} Rxb3 {[%emt 0: 00:02]} 36. e6 {[%emt
0:00:02]} Rc3 {[%emt 0:00:04]} 37. e7 {[%emt 0:00:05]} Rxc7 {[%emt 0:00:05]}
38. e8=Q {[%emt 0:00:00]} Rf7 {[%emt 0:00:04]} 39. Bd5 { [%emt 0:00:03]} Rf8
{[%emt 0:00:03]} 40. Qe7+ {[%emt 0:00:04]} Rf7 {[%emt 0:00: 02]} 41. Qxf7+
{[%emt 0:00:03]} Kh6 {[%emt 0:00:02]} 42. Qf4+ {[%emt 0:00:05]} Kg7 {[%emt
0:00:04]} 43. g5 {[%emt 0:00:03]} Kh8 {[%emt 0:00:04]} 44. Qf8# { [%emt
0:00:03]